000 00502nam a22001937a 4500
003 MPLRDC
005 20220104142658.0
008 210129b ||||| |||| 00| 0 eng d
020 _a7-80061-814-5
082 _a548.84 ZSS
100 _a张山山等编
245 _a疯狂麻将城: 赌海传奇
_c
250 _a一版一刷
260 _a
_b团结出版社
_c1993
300 _b
490 _a共和国风云实录丛书
650 _a其他社会病态--赌博
942 _cBK
_o548.84 ZSS
999 _c32830
_d32820